[Event "2. Wittelsbacher Weihnachts-Schach-Open"]
[Site "Kelheim"]
[Date "2013.12.30"]
[Round "7.16"]
[White "Watzenberger, Stefan"]
[Black "Meul, Willi"]
[Result "1/2-1/2"]
[WhiteElo "2044"]
[BlackElo "1867"]
[PlyCount "58"]
[EventDate "2013.??.??"]
[WhiteTeam "SC Sendling e.V."]
[BlackTeam "SV 1925 Hürth-Berrenrath"]

1. e4 c5 2. d4 cxd4 3. c3 d6 4. cxd4 Nf6 5. Nc3 g6 6. Nf3 Bg7 7. Be3 O-O 8. h3
Nc6 9. Qd2 a6 10. d5 Na7 11. Bd3 Bd7 12. O-O b5 13. a3 Qb8 14. Bh6 Rc8 15. Bxg7
Kxg7 16. b4 Rc7 17. Rfc1 Nc8 18. Ne2 Nb6 19. Rxc7 Qxc7 20. Rc1 Qb7 21. Nfd4 Rc8
22. Nb3 Rc7 23. Na5 Qc8 24. Rxc7 Qxc7 25. Nd4 e6 26. dxe6 fxe6 27. f4 Nc4 28.
Qc3 d5 29. e5 Nh5 1/2-1/2

[Event "2. Wittelsbacher Weihnachts-Schach-Open"]
[Site "Kelheim"]
[Date "2013.12.30"]
[Round "7.17"]
[White "Belz, Frank-Martin"]
[Black "Goderbauer, Josef"]
[Result "1-0"]
[WhiteElo "2002"]
[BlackElo "1703"]
[PlyCount "41"]
[EventDate "2013.??.??"]
[WhiteTeam "SK Freising"]
[BlackTeam "SC Moosburg 1956 e.V."]

1. Nf3 h6 2. c4 g5 3. d4 Bg7 4. e4 d6 5. Nc3 Bg4 6. Be3 Nf6 7. Be2 O-O 8. h4
Bxf3 9. Bxf3 g4 10. Bxg4 Nbd7 11. Be2 c5 12. g4 e5 13. dxe5 Nxe5 14. g5 Ne8 15.
f4 Nd7 16. f5 f6 17. Qd5+ Kh7 18. g6+ Kh8 19. Qd2 Ne5 20. Bxh6 Qd7 21. Bf4 1-0

[Event "2. Wittelsbacher Weihnachts-Schach-Open"]
[Site "Kelheim"]
[Date "2013.12.30"]
[Round "7.18"]
[White "Dietl, Harald"]
[Black "Goderbauer, Benedikt"]
[Result "1/2-1/2"]
[WhiteElo "1798"]
[BlackElo "1760"]
[PlyCount "73"]
[EventDate "2013.??.??"]
[WhiteTeam "SK Abensberg"]
[BlackTeam "SC Moosburg 1956 e.V."]

1. f4 d5 2. Nf3 Nf6 3. e3 g6 4. Be2 Bg7 5. O-O O-O 6. d4 Bg4 7. Nbd2 e6 8. h3
Bxf3 9. Nxf3 Nbd7 10. b3 Ne4 11. Qe1 Ndf6 12. Bd3 c6 13. Nd2 Nxd2 14. Bxd2 c5
15. c3 b6 16. g4 Nd7 17. Qg3 Qc7 18. Kg2 Rac8 19. g5 f6 20. h4 f5 21. h5 Rfd8
22. hxg6 hxg6 23. Rh1 Qb7 24. b4 a5 25. bxc5 bxc5 26. Rab1 Qc7 27. Rb5 c4 28.
Bc2 Rb8 29. Rhb1 Rxb5 30. Rxb5 Rb8 31. Ba4 Rxb5 32. Bxb5 Qb7 33. a4 Nb8 34. Qe1
Na6 35. Bxa6 Qxa6 36. Qb1 Kf7 37. Qb8 1/2-1/2

[Event "2. Wittelsbacher Weihnachts-Schach-Open"]
[Site "Kelheim"]
[Date "2013.12.30"]
[Round "7.19"]
[White "Urban, Rudolf"]
[Black "Fröhlich, Manuel"]
[Result "1/2-1/2"]
[WhiteElo "1932"]
[BlackElo "1727"]
[PlyCount "32"]
[EventDate "2013.??.??"]
[WhiteTeam "SC Roter Turm Altstadt"]
[BlackTeam "TSV Oberviechtach"]

1. d4 c5 2. dxc5 e6 3. Nf3 Bxc5 4. e3 d5 5. Bd3 Nf6 6. O-O O-O 7. c4 dxc4 8.
Bxc4 Nbd7 9. Nc3 a6 10. a3 b5 11. Be2 Bb7 12. b4 Be7 13. Bb2 Nb6 14. Qb3 Nbd5
15. Rfd1 Qb6 16. Nd4 Rac8 1/2-1/2

[Event "2. Wittelsbacher Weihnachts-Schach-Open"]
[Site "Kelheim"]
[Date "2013.12.30"]
[Round "7.20"]
[White "Aigner, Georg"]
[Black "Müller, Johannes"]
[Result "1/2-1/2"]
[WhiteElo "1896"]
[BlackElo "1580"]
[PlyCount "120"]
[EventDate "2013.??.??"]
[WhiteTeam "TSV Dietfurt/Altm. e.V."]
[BlackTeam "SK Kelheim 1920"]

1. e4 e5 2. Nf3 Nc6 3. Bb5 a6 4. Ba4 Nf6 5. O-O Be7 6. Re1 b5 7. Bb3 d6 8. h3
O-O 9. d4 exd4 10. c3 dxc3 11. Nxc3 Ne5 12. Nd5 Nxf3+ 13. Qxf3 Nxd5 14. Bxd5
Rb8 15. Be3 c5 16. Rad1 Be6 17. Bxc5 dxc5 18. Bxe6 Qb6 19. Bd5 c4 20. e5 Rbd8
21. Re4 Kh8 22. Rf4 f5 23. h4 g6 24. Kh2 h5 25. Kh3 Rd7 26. Qc3 Kh7 27. Rfd4
Rdd8 28. Bf3 Qe6 29. Rxd8 Rxd8 30. g3 b4 31. Qe1 a5 32. Rxd8 Bxd8 33. Bd1 f4+
34. Kg2 fxg3 35. f4 Bxh4 36. Qe4 Qd7 37. Bxh5 Qf5 38. Qxf5 gxf5 39. Be2 c3 40.
bxc3 bxc3 41. Bd3 Kg6 42. Bc2 a4 43. Bxa4 Kh5 44. Bd1+ Kg6 45. a4 Bd8 46. Kxg3
Kf7 47. Kf3 Ke6 48. Bb3+ Ke7 49. Ke2 Bb6 50. Kd3 Ba5 51. Bc4 Bb6 52. Kxc3 Be3
53. Kd3 Bxf4 54. Kd4 Bh2 55. Kd5 Bg1 56. a5 Be3 57. Kc6 f4 58. Bd5 f3 59. a6 f2
60. Bc4 f1=Q 1/2-1/2

[Event "2. Wittelsbacher Weihnachts-Schach-Open"]
[Site "Kelheim"]
[Date "2013.12.30"]
[Round "7.21"]
[White "Braun, Kristin"]
[Black "Schmitz, Marc"]
[Result "1/2-1/2"]
[WhiteElo "1780"]
[BlackElo "1732"]
[PlyCount "58"]
[EventDate "2013.??.??"]
[WhiteTeam "SC Forchheim e.V."]
[BlackTeam "SV Saal/Donau e.V.SAbt"]

1. Nf3 Nf6 2. g3 g6 3. Bg2 Bg7 4. d3 d6 5. O-O Bg4 6. Nc3 Qc8 7. Re1 O-O 8. e4
e5 9. Be3 h6 10. Qd2 Kh7 11. Rab1 a5 12. a4 Na6 13. Nb5 b6 14. b3 Qd7 15. Qc3
Rae8 16. Rbc1 c5 17. Qb2 Nc7 18. Nxc7 Qxc7 19. h3 Bc8 20. c4 Ng8 21. Kh2 Ne7
22. Bd2 f5 23. Ng1 fxe4 24. dxe4 Rxf2 25. Nf3 Qd7 26. g4 h5 27. Kg3 Rxg2+ 28.
Kxg2 hxg4 29. Ng5+ Kg8 1/2-1/2

[Event "2. Wittelsbacher Weihnachts-Schach-Open"]
[Site "Kelheim"]
[Date "2013.12.30"]
[Round "7.22"]
[White "Schindler, Tobias"]
[Black "Beilschmidt, Eva"]
[Result "1/2-1/2"]
[WhiteElo "1594"]
[BlackElo "1891"]
[PlyCount "95"]
[EventDate "2013.??.??"]
[WhiteTeam "SK Kelheim 1920"]
[BlackTeam "SK Kelheim 1920"]

1. c4 c5 2. g3 Nc6 3. Nc3 g6 4. Bg2 Bg7 5. Nf3 Nf6 6. d4 cxd4 7. Nxd4 O-O 8.
O-O Qb6 9. Nxc6 bxc6 10. Qc2 Rb8 11. b3 d6 12. Bb2 Bf5 13. e4 Be6 14. Rfe1 Ng4
15. Na4 Qa5 16. Bxg7 Kxg7 17. Qc3+ Qxc3 18. Nxc3 h5 19. Red1 Rb6 20. c5 dxc5
21. Na4 Rb5 22. Rac1 c4 23. Bf1 Ne5 24. bxc4 Ra5 25. Nc3 Nxc4 26. Nb1 Nd6 27.
Nd2 Rxa2 28. Rxc6 Rb8 29. Ra6 Rbb2 30. Rxa2 Rxa2 31. e5 Nf5 32. Ne4 a5 33. Nc5
Rc2 34. Nxe6+ fxe6 35. Rb1 Nd4 36. Bg2 a4 37. Rb4 Rc1+ 38. Bf1 Nf3+ 39. Kg2 a3
40. Ra4 Rc3 41. Ra5 g5 42. Be2 g4 43. Bxf3 gxf3+ 44. Kh3 Rc2 45. Rxa3 Rxf2 46.
g4 hxg4+ 47. Kxg4 Rxh2 48. Rxf3 1/2-1/2

[Event "2. Wittelsbacher Weihnachts-Schach-Open"]
[Site "Kelheim"]
[Date "2013.12.30"]
[Round "7.23"]
[White "Stutz, Robert"]
[Black "Hessler, Markus"]
[Result "0-1"]
[WhiteElo "1859"]
[BlackElo "1714"]
[PlyCount "74"]
[EventDate "2013.??.??"]
[WhiteTeam "TSV Grossmehring"]
[BlackTeam "Schachfreunde Roding"]

1. e4 e6 2. d4 d5 3. Nc3 Nf6 4. e5 Nfd7 5. f4 c5 6. Nf3 Nc6 7. Be3 a6 8. a3 Be7
9. Ne2 cxd4 10. Nexd4 Bc5 11. c3 Nxd4 12. cxd4 Be7 13. Bd3 Nb8 14. O-O Nc6 15.
Qe2 Bd7 16. Rf2 Na7 17. Raf1 Bb5 18. a4 Bxd3 19. Qxd3 g6 20. Bd2 Qd7 21. b3 Rc8
22. g4 Nc6 23. f5 exf5 24. gxf5 Qxf5 25. Qxf5 gxf5 26. Rg2 Kd7 27. Re1 Rhg8 28.
Bf4 Rg6 29. Bg3 Rcg8 30. Ree2 Rg4 31. Be1 R8g6 32. Bc3 Rxg2+ 33. Rxg2 Ke6 34.
Kf2 Rxg2+ 35. Kxg2 f6 36. Kg3 Bd8 37. Kh4 fxe5+ 0-1

[Event "2. Wittelsbacher Weihnachts-Schach-Open"]
[Site "Kelheim"]
[Date "2013.12.30"]
[Round "7.24"]
[White "Voith, Walter"]
[Black "Miethaner, Ulrich"]
[Result "0-1"]
[WhiteElo "1677"]
[BlackElo "1949"]
[PlyCount "92"]
[EventDate "2013.??.??"]
[WhiteTeam "TSV Oberviechtach"]
[BlackTeam "SC Bavaria Regensb.1881"]

1. Nf3 d5 2. g3 Nc6 3. Bg2 Bg4 4. h3 Bh5 5. O-O e5 6. d3 Qd7 7. Nbd2 O-O-O 8.
e4 Nf6 9. c3 Be7 10. a4 Rhe8 11. Qe2 h6 12. Re1 g5 13. Qf1 Bf8 14. b4 dxe4 15.
dxe4 Bg6 16. Bb2 Re6 17. a5 a6 18. b5 Nb8 19. c4 Bb4 20. Bc1 Qe7 21. Re3 Nbd7
22. Ba3 Bxa3 23. Rexa3 Nc5 24. Qe2 Nfxe4 25. bxa6 Rxa6 26. Nxe4 Bxe4 27. Re3 f5
28. Nd2 Bd3 29. Qf3 Qe6 30. Nb3 Nxb3 31. Qxb7+ Kd7 32. Rxd3+ Nd4 33. Bd5 Qf6
34. c5 e4 35. Rdd1 Ke8 36. Kg2 Raa8 37. Bc4 Qe5 38. Rxd4 Qxd4 39. Qc6+ Kf8 40.
Qxh6+ Qg7 41. Qxg7+ Kxg7 42. a6 c6 43. Rb1 Rd4 44. Rb7+ Kh6 45. Be2 Rd5 46. f3
Rd2 0-1

[Event "2. Wittelsbacher Weihnachts-Schach-Open"]
[Site "Kelheim"]
[Date "2013.12.30"]
[Round "7.25"]
[White "Klimpel, Siegfried"]
[Black "Zankl, Stephan"]
[Result "1/2-1/2"]
[WhiteElo "1888"]
[BlackElo "1526"]
[PlyCount "108"]
[EventDate "2013.??.??"]
[WhiteTeam "TSV Kareth-Lappersdorf"]
[BlackTeam "TSV Nittenau"]

1. e4 e5 2. Nf3 d6 3. d4 Bg4 4. dxe5 Bxf3 5. Qxf3 dxe5 6. Bc4 Qf6 7. Qb3 Nc6 8.
Nc3 Bb4 9. Bd2 O-O-O 10. O-O-O a5 11. Be3 Bxc3 12. Qxc3 Nge7 13. h4 Qg6 14. a3
Qxg2 15. Bd3 Nd4 16. Qxa5 Nec6 17. Qc5 Nb3+ 18. cxb3 Rxd3 19. Qc4 Rhd8 20. Qa4
Qf3 21. Rde1 Nd4 22. Rhg1 Ne2+ 23. Rxe2 Qxe2 24. b4 R3d6 25. b5 b6 26. Qb3 Rd3
27. Qa4 Rxe3 28. Qa8+ Kd7 29. Qc6+ Ke7 30. Qxc7+ Rd7 31. Qxe5+ Kd8 32. Qg5+ Kc8
33. Qxe3 Rc7+ 34. Kb1 Qxb5 35. Rd1 Qh5 36. Qh3+ Kb7 37. Qh1 Qe5 38. Rd5 Qf4 39.
e5 Re7 40. Rd8+ Ka6 41. Qa8+ Ra7 42. Qc8+ Rb7 43. Qc6 Ka7 44. Qe8 Qe4+ 45. Ka1
Rc7 46. Rd7 Qc4 47. Rxc7+ Qxc7 48. Qa4+ Kb8 49. f4 Qe7 50. Qc6 Qxh4 51. Qe8+
Ka7 52. Qxf7+ Ka6 53. e6 Qh1+ 54. Ka2 Qd5+ 1/2-1/2

[Event "2. Wittelsbacher Weihnachts-Schach-Open"]
[Site "Kelheim"]
[Date "2013.12.30"]
[Round "7.26"]
[White "Tautz, Helmut"]
[Black "Zinner, Bernhard"]
[Result "1-0"]
[WhiteElo "1526"]
[BlackElo "1656"]
[PlyCount "65"]
[EventDate "2013.??.??"]
[WhiteTeam "SK Kelheim 1920"]
[BlackTeam "TV 1862 Geiselhöring"]

1. e4 d5 2. exd5 Qxd5 3. Nc3 Qa5 4. Nf3 Bg4 5. Be2 Nd7 6. d3 c6 7. O-O O-O-O 8.
h3 Bh5 9. Ne4 f6 10. Bd2 Qc7 11. Qc1 e5 12. a4 Bf7 13. b4 h6 14. Qb2 f5 15. Ng3
Ne7 16. c4 g5 17. a5 Bg7 18. Bc3 Be6 19. b5 b6 20. axb6 axb6 21. Ra8+ Kb7 22.
Ra6 g4 23. Rfa1 Ra8 24. Qa3 Qd8 25. Ra7+ Rxa7 26. Qxa7+ Kc8 27. Nh5 Qg8 28.
Nxg7 gxf3 29. Bxf3 Qxg7 30. bxc6 Kd8 31. cxd7 Bxd7 32. Qb8+ Nc8 33. Bxe5 1-0

[Event "2. Wittelsbacher Weihnachts-Schach-Open"]
[Site "Kelheim"]
[Date "2013.12.30"]
[Round "7.27"]
[White "Wieczorek, Heinz"]
[Black "Glück, Ulrich"]
[Result "1-0"]
[WhiteElo "1815"]
[BlackElo "1723"]
[PlyCount "79"]
[EventDate "2013.??.??"]
[WhiteTeam "SW Nürnberg Süd e.V."]
[BlackTeam "MSA Zugzwang 82 e.V."]

1. e4 c5 2. Nf3 e6 3. d4 cxd4 4. Nxd4 Nc6 5. Nc3 a6 6. a3 Qc7 7. Be2 b6 8. Nb3
Bb7 9. f4 Be7 10. O-O d6 11. Be3 Nf6 12. Bf3 O-O 13. Qe1 Rab8 14. g4 Kh8 15. g5
Ng8 16. Qf2 Ba8 17. h4 f6 18. Qg3 fxg5 19. hxg5 Nd8 20. Rad1 Nf7 21. Bg4 e5 22.
Be6 exf4 23. Bxf4 Rbd8 24. Rd2 h6 25. Rh2 Nxg5 26. Bxg5 Bxg5 27. Qxg5 Nf6 28.
Qg6 Bxe4 29. Nxe4 Nxe4 30. Rxf8+ Rxf8 31. Qxe4 Qe7 32. Rf2 Qg5+ 33. Kf1 Qe7 34.
Rxf8+ Qxf8+ 35. Qf5 Qe7 36. Nd4 a5 37. Ne2 Qb7 38. Qf8+ Kh7 39. Bg8+ Kg6 40.
Qxd6+ 1-0

[Event "2. Wittelsbacher Weihnachts-Schach-Open"]
[Site "Kelheim"]
[Date "2013.12.30"]
[Round "7.28"]
[White "Obermeier, Johannes"]
[Black "Karl, Thomas"]
[Result "1/2-1/2"]
[WhiteElo "1647"]
[BlackElo "1495"]
[PlyCount "52"]
[EventDate "2013.??.??"]
[WhiteTeam "SK Kelheim 1920"]
[BlackTeam "SK Kelheim 1920"]

1. e4 d5 2. exd5 Nf6 3. Nc3 Nxd5 4. Bc4 Nb6 5. Bb3 Bf5 6. Qf3 e6 7. a4 a5 8. d3
Bc5 9. Nge2 c6 10. Be3 N8d7 11. O-O-O Qc7 12. g4 Bg6 13. h4 h5 14. Rdg1 Bxe3+
15. fxe3 Nf6 16. g5 Nfd5 17. Nxd5 cxd5 18. Nf4 Ke7 19. Rf1 Raf8 20. Qf2 Bf5 21.
Kb1 g6 22. Rhg1 Qc6 23. Rg3 Nxa4 24. Rf3 Rh7 25. Ne2 Nc5 26. Nd4 Qd6 1/2-1/2

[Event "2. Wittelsbacher Weihnachts-Schach-Open"]
[Site "Kelheim"]
[Date "2013.12.30"]
[Round "7.29"]
[White "Mühlich, Cornelius"]
[Black "Kellner, Christian"]
[Result "1/2-1/2"]
[WhiteElo "1453"]
[BlackElo "1623"]
[PlyCount "109"]
[EventDate "2013.??.??"]
[WhiteTeam "SK Kelheim 1920"]
[BlackTeam "SK Kelheim 1920"]

1. c4 d6 2. g3 Nf6 3. Bg2 g6 4. Nc3 Bg7 5. b3 O-O 6. Bb2 Be6 7. Bxb7 Nbd7 8.
Bxa8 Qxa8 9. Nf3 g5 10. Rg1 h6 11. Nd4 Ng4 12. Nxe6 fxe6 13. f3 Bd4 14. Rg2
Nde5 15. Na4 Bxb2 16. Nxb2 c5 17. h3 Nf6 18. d3 Nh5 19. Rb1 g4 20. hxg4 Nxg4
21. Qd2 Ne5 22. Qe3 Rf6 23. Rd1 Ng7 24. g4 Ng6 25. d4 cxd4 26. Qxd4 Ne5 27. Nd3
Qxf3 28. Rf2 Qxg4 29. Qxg4 Nxg4 30. Rxf6 Nxf6 31. Kf2 Nf5 32. Rg1+ Kf7 33. Rf1
Kg7 34. Nf4 Ne4+ 35. Ke1 Kf6 36. Ng2 Ke5 37. Nf4 Ne3 38. Nd3+ Kd4 39. Rf7 Nf5
40. Rf8 Nc3 41. Ra8 Nxa2 42. Kd2 Nc3 43. Nf2 Nb1+ 44. Kc2 Nc3 45. Kd2 Nb1+ 46.
Ke1 Kc3 47. Rxa7 Kxb3 48. Rb7+ Kc2 49. e4 Ne3 50. Rxe7 e5 51. Re6 Nxc4 52. Rxh6
Kc3 53. Ke2 Kd4 54. Rh4 Nc3+ 55. Ke1 1/2-1/2

[Event "2. Wittelsbacher Weihnachts-Schach-Open"]
[Site "Kelheim"]
[Date "2013.12.30"]
[Round "7.30"]
[White "Fritsch, Julian"]
[Black "Schwab, Leon"]
[Result "1-0"]
[WhiteElo "1554"]
[BlackElo "967"]
[PlyCount "65"]
[EventDate "2013.??.??"]
[WhiteTeam "SK Kelheim 1920"]
[BlackTeam "SK Kelheim 1920"]

1. d4 d5 2. g3 Bf5 3. Bg2 Nf6 4. Nf3 e6 5. O-O Bb4 6. a3 Ba5 7. b4 Bb6 8. Nh4
Be4 9. Nf3 a6 10. Nbd2 Bf5 11. Bb2 O-O 12. h3 Nc6 13. e3 Ne4 14. Nh4 Nxd2 15.
Qxd2 Bg6 16. Nxg6 fxg6 17. f4 Na7 18. Rac1 Nc8 19. c4 c6 20. c5 Ba7 21. e4 Ne7
22. Qe2 Re8 23. Qg4 Kf7 24. Qh4 h6 25. f5 gxf5 26. exf5 exf5 27. Qh5+ Kg8 28.
Rce1 Bb8 29. Re3 f4 30. Re6 fxg3 31. Qf7+ Kh7 32. Rff6 Bc7 33. Rxh6# 1-0

[Event "2. Wittelsbacher Weihnachts-Schach-Open"]
[Site "Kelheim"]
[Date "2013.12.30"]
[Round "7.31"]
[White "Brunner, Tobias"]
[Black "Krause, Karl-Heinz"]
[Result "0-1"]
[WhiteElo "1410"]
[BlackElo "1472"]
[PlyCount "130"]
[EventDate "2013.??.??"]
[WhiteTeam "TSV Nittenau"]
[BlackTeam "SK Landau-Dingolfing"]

1. e4 e5 2. Nf3 Nc6 3. Bc4 h6 4. Nc3 Nf6 5. d3 Bb4 6. Bd2 O-O 7. O-O Bxc3 8.
Bxc3 d6 9. h3 a6 10. a4 Be6 11. Bxe6 fxe6 12. Qe2 Qe7 13. d4 exd4 14. Nxd4 Nxd4
15. Bxd4 e5 16. Bc3 Rad8 17. Rfd1 Qf7 18. f3 Nh5 19. Be1 Rd7 20. Qd2 Qg6 21.
Qf2 Rdf7 22. Rd3 Qe6 23. Qh4 Nf6 24. Rc3 d5 25. exd5 Nxd5 26. Qc4 c6 27. Rd3
Rf4 28. Qb3 b5 29. axb5 axb5 30. c3 Kh8 31. Qc2 e4 32. fxe4 Rf1+ 33. Kh2 Qxe4
34. Rd2 Rxe1 35. Qxe4 Rxe4 36. Ra7 Rfe8 37. Ra6 Rc4 38. Rf2 b4 39. cxb4 Nxb4
40. Rb6 c5 41. Rb7 Nd5 42. Rff7 Rg8 43. g4 Rf4 44. Rfd7 Rb4 45. Rxb4 Nxb4 46.
Kg3 Rb8 47. Kh4 c4 48. Rc7 Nd3 49. Rxc4 Nxb2 50. Re4 Kh7 51. g5 Rb6 52. gxh6
Rxh6+ 53. Kg3 Nd3 54. Rd4 Ne5 55. Re4 Nf7 56. Re3 Ra6 57. h4 Nh6 58. Re5 Ra3+
59. Kf4 Ra4+ 60. Kg3 Rg4+ 61. Kh3 Rg1 62. Kh2 Ng4+ 63. Kxg1 Nxe5 64. Kg2 Kh6
65. Kg3 Kh5 0-1

[Event "2. Wittelsbacher Weihnachts-Schach-Open"]
[Site "Kelheim"]
[Date "2013.12.30"]
[Round "7.32"]
[White "Rösch, Maximilian"]
[Black "Burgard, Manfred"]
[Result "0-1"]
[WhiteElo "1235"]
[BlackElo "1411"]
[PlyCount "50"]
[EventDate "2013.??.??"]
[WhiteTeam "SK Kelheim 1920"]
[BlackTeam "Schachfreunde Roding"]

1. e4 c5 2. Nf3 d6 3. d4 cxd4 4. Nxd4 Nf6 5. Nc3 g6 6. Be2 Bg7 7. Be3 O-O 8. f3
Nc6 9. Qd2 d5 10. Nxc6 bxc6 11. O-O-O Qc7 12. exd5 Nxd5 13. Nxd5 cxd5 14. Bh6
Be5 15. f4 Bf6 16. Bxf8 Rb8 17. b3 Kxf8 18. Qxd5 Bf5 19. Qc4 Qa5 20. a4 Rc8 21.
Rd5 Qb6 22. Qb5 Qe3+ 23. Kd1 Rxc2 24. Ke1 Bg4 25. Qd3 Rc1+ 0-1

[Event "2. Wittelsbacher Weihnachts-Schach-Open"]
[Site "Kelheim"]
[Date "2013.12.30"]
[Round "7.33"]
[White "Voigt, Tobias"]
[Black "Koller, Andreas"]
[Result "1-0"]
[WhiteElo "1212"]
[BlackElo "1350"]
[PlyCount "65"]
[EventDate "2013.??.??"]
[WhiteTeam "Schachklub München Südost e.V."]
[BlackTeam "TSV Mainburg"]

1. c4 e5 2. g3 Nf6 3. Bg2 d5 4. b3 c6 5. Bb2 Bd6 6. e3 O-O 7. Ne2 Be6 8. d4 e4
9. c5 Bc7 10. O-O Nbd7 11. Nbc3 b5 12. cxb6 axb6 13. Qc2 Re8 14. a4 Qc8 15. Na2
Nb8 16. Rac1 Bd7 17. b4 Bd6 18. b5 cxb5 19. Qxc8 Rxc8 20. Rxc8+ Bxc8 21. axb5
Ba3 22. Rc1 Bd7 23. Bxa3 Rxa3 24. Nac3 g5 25. f3 h6 26. fxe4 dxe4 27. Nxe4 Nxe4
28. Bxe4 Rxe3 29. Nc3 Bxb5 30. Nxb5 Rxe4 31. Rc8+ Kg7 32. Rxb8 Rxd4 33. Nxd4
1-0

[Event "2. Wittelsbacher Weihnachts-Schach-Open"]
[Site "Kelheim"]
[Date "2013.12.30"]
[Round "7.34"]
[White "Mosler, Ernst"]
[Black "Adlhoch, Walter"]
[Result "1-0"]
[WhiteElo "1336"]
[BlackElo "1258"]
[PlyCount "121"]
[EventDate "2013.??.??"]
[WhiteTeam "SV Wettstetten e.V."]
[BlackTeam "SK Schwandorf"]

1. e4 e5 2. Nf3 d6 3. d4 exd4 4. Nxd4 Nf6 5. Nc3 Be7 6. Bc4 O-O 7. O-O Nxe4 8.
Nxe4 d5 9. Bd3 dxe4 10. Bxe4 Re8 11. Bf3 c5 12. Ne2 Qc7 13. Bf4 Qb6 14. Rb1 Rd8
15. Qc1 Be6 16. Nc3 Bd6 17. Bxd6 Rxd6 18. Rd1 Rxd1+ 19. Qxd1 Nd7 20. Nd5 Bxd5
21. Qxd5 Nf6 22. Qxb7 Rd8 23. Qxb6 axb6 24. Rd1 Rxd1+ 25. Bxd1 Ne4 26. Kf1 f6
27. Ke2 Kf7 28. f3 Nd6 29. Kd3 g5 30. c3 Ke6 31. b4 Kd5 32. a4 cxb4 33. cxb4 h6
34. Bb3+ Ke5 35. g3 h5 36. Bc4 f5 37. a5 bxa5 38. bxa5 Ne8 39. Bf7 Nc7 40. Bxh5
Na6 41. Kc4 f4 42. Kb5 Nc7+ 43. Kc6 Nd5 44. Bf7 fxg3 45. hxg3 Ne7+ 46. Kc7 Nf5
47. a6 Nd6 48. Bb3 Nb5+ 49. Kb6 Nd6 50. Ba4 Kd4 51. Kc7 Kc5 52. a7 Nc4 53. a8=Q
Kb4 54. Qc6 Ne3 55. Qe4+ Nc4 56. Bd1 Kc5 57. Be2 Na3 58. Qe7+ Kd4 59. Qxa3 Ke5
60. Qd6+ Kf5 61. Bd3# 1-0

[Event "2. Wittelsbacher Weihnachts-Schach-Open"]
[Site "Kelheim"]
[Date "2013.12.30"]
[Round "7.35"]
[White "Mühlich, Raphael"]
[Black "Geitner, Alexander"]
[Result "0-1"]
[WhiteElo "781"]
[BlackElo "1116"]
[PlyCount "90"]
[EventDate "2013.??.??"]
[WhiteTeam "SK Kelheim 1920"]
[BlackTeam "SC Anderssen Nürnberg 1929 e.V."]

1. e4 e5 2. Nf3 Nc6 3. Bc4 Nf6 4. d3 d5 5. exd5 Nxd5 6. Nc3 Nxc3 7. bxc3 Be7 8.
O-O O-O 9. Re1 Bf6 10. Rb1 Bg4 11. Rxb7 Na5 12. Rb4 Nxc4 13. Rxc4 Be6 14. Ra4
Bd7 15. Rb4 c5 16. Rb1 Qc7 17. Ba3 Bg4 18. Re4 Be6 19. d4 Rfd8 20. Bxc5 Bxa2
21. Rb4 a5 22. Ra4 Qc6 23. Rxa2 Qxe4 24. Qd2 h6 25. g3 Qxf3 26. Ra4 Qd5 27. Qd3
e4 28. Qe3 Bg5 29. Qe2 Re8 30. c4 Qc6 31. Ra3 f5 32. Rc3 a4 33. Bb4 Qb6 34. Ba3
Qxd4 35. Bb4 Be7 36. Bxe7 Qxc3 37. Bc5 a3 38. Bxa3 Rxa3 39. Qh5 Ra1+ 40. Kg2
Qf3+ 41. Qxf3 exf3+ 42. Kxf3 Rc1 43. Kf4 g6 44. c5 Rxc2 45. h4 Rxf2# 0-1